<?xml version="1.0" encoding="UTF-8"?>
<record
    xmlns:xsi="http://www.w3.org/2001/XMLSchema-instance"
    xsi:schemaLocation="http://www.loc.gov/MARC21/slim http://www.loc.gov/standards/marcxml/schema/MARC21slim.xsd"
    xmlns="http://www.loc.gov/MARC21/slim">

  <leader>01449nam0a2200361   4500</leader>
  <controlfield tag="001">RU\NLR\bibl\1791449</controlfield>
  <controlfield tag="005">20260405235929.0</controlfield>
  <datafield tag="010" ind1=" " ind2=" ">
    <subfield code="a">978-5-903454-45-7</subfield>
    <subfield code="9">1000</subfield>
  </datafield>
  <datafield tag="021" ind1=" " ind2=" ">
    <subfield code="a">RU</subfield>
    <subfield code="b">2011-48403</subfield>
    <subfield code="9">3440</subfield>
  </datafield>
  <datafield tag="035" ind1=" " ind2=" ">
    <subfield code="a">(nilc)RSL-KNO-004962873</subfield>
  </datafield>
  <datafield tag="035" ind1=" " ind2=" ">
    <subfield code="a">(NLR Aleph) 001782155</subfield>
  </datafield>
  <datafield tag="090" ind1=" " ind2=" ">
    <subfield code="a">1704471</subfield>
    <subfield code="c">1704471</subfield>
  </datafield>
  <datafield tag="100" ind1=" " ind2=" ">
    <subfield code="a">20110627d2010    |||y0rusy50      ca</subfield>
  </datafield>
  <datafield tag="101" ind1="0" ind2=" ">
    <subfield code="a">rus</subfield>
    <subfield code="a">fre</subfield>
    <subfield code="c">fre</subfield>
  </datafield>
  <datafield tag="102" ind1=" " ind2=" ">
    <subfield code="a">RU</subfield>
  </datafield>
  <datafield tag="105" ind1=" " ind2=" ">
    <subfield code="a">a   |||||||||</subfield>
  </datafield>
  <datafield tag="200" ind1="1" ind2=" ">
    <subfield code="a">&#x410;&#x440;&#x445;&#x435;&#x43E;&#x43B;&#x43E;&#x433;</subfield>
    <subfield code="e">&#x432;&#x43E;&#x43E;&#x431;&#x440;&#x430;&#x436;&#x430;&#x435;&#x43C;&#x44B;&#x435; &#x431;&#x435;&#x441;&#x435;&#x434;&#x44B;</subfield>
    <subfield code="d">Un arch&#xE9;ologue</subfield>
    <subfield code="f">&#x416;&#x430;&#x43D;-&#x41F;&#x43E;&#x43B;&#x44C; &#x41B;&#x435; &#x411;&#x438;&#x430;&#x43D;</subfield>
    <subfield code="g">[&#x43F;&#x435;&#x440;. &#x441; &#x444;&#x440;.: &#x41D;. &#x410;. &#x41F;&#x430;&#x432;&#x43B;&#x43E;&#x432;&#x441;&#x43A;&#x430;&#x44F; &#x438; &#x434;&#x440;.]</subfield>
    <subfield code="z">fre</subfield>
  </datafield>
  <datafield tag="210" ind1=" " ind2=" ">
    <subfield code="a">&#x420;&#x43E;&#x441;&#x442;&#x43E;&#x432;-&#x43D;&#x430;-&#x414;&#x43E;&#x43D;&#x443;</subfield>
    <subfield code="c">&#x41C;&#x435;&#x434;&#x438;&#x430;-&#x41F;&#x43E;&#x43B;&#x438;&#x441;</subfield>
    <subfield code="d">2010</subfield>
  </datafield>
  <datafield tag="215" ind1=" " ind2=" ">
    <subfield code="a">275 &#x441;., [16] &#x43B;. &#x446;&#x432;. &#x438;&#x43B;.</subfield>
    <subfield code="c">&#x438;&#x43B;.</subfield>
    <subfield code="d">22</subfield>
  </datafield>
  <datafield tag="300" ind1=" " ind2=" ">
    <subfield code="a">&#x410;&#x432;&#x442;. &#x442;&#x430;&#x43A;&#x436;&#x435; &#x43D;&#x430; &#x444;&#x440;. &#x44F;&#x437;.: Jean-Paul Le Bihan</subfield>
  </datafield>
  <datafield tag="300" ind1=" " ind2=" ">
    <subfield code="a">&#x422;&#x435;&#x43A;&#x441;&#x442; &#x43F;&#x430;&#x440;&#x430;&#x43B;. &#x440;&#x443;&#x441;., &#x444;&#x440;.</subfield>
  </datafield>
  <datafield tag="510" ind1="1" ind2=" ">
    <subfield code="6">z20790</subfield>
    <subfield code="a">Un arch&#xE9;ologue</subfield>
    <subfield code="z">fre</subfield>
  </datafield>
  <datafield tag="606" ind1="1" ind2=" ">
    <subfield code="a">&#x410;&#x440;&#x445;&#x435;&#x43E;&#x43B;&#x43E;&#x433;&#x438;&#x44F;</subfield>
    <subfield code="x">&#x418;&#x441;&#x442;&#x43E;&#x440;&#x438;&#x44F;</subfield>
    <subfield code="9">1028410</subfield>
    <subfield code="3">RU\NLR\auth\6676424</subfield>
  </datafield>
  <datafield tag="686" ind1=" " ind2=" ">
    <subfield code="a">&#x422;4&#x433;(4&#x424;&#x440;)&#x434;.&#x41B;&#x435; &#x411;&#x438;&#x430;&#x43D; &#x416;.-&#x41F;.</subfield>
    <subfield code="2">rubbk</subfield>
  </datafield>
  <datafield tag="686" ind1=" " ind2=" ">
    <subfield code="a">&#x422;4,0</subfield>
    <subfield code="2">rubbk</subfield>
  </datafield>
  <datafield tag="686" ind1=" " ind2=" ">
    <subfield code="a">&#x422;4&#x433;(0)</subfield>
  </datafield>
  <datafield tag="700" ind1=" " ind2="1">
    <subfield code="4">070</subfield>
    <subfield code="8">rus</subfield>
    <subfield code="7">ca</subfield>
    <subfield code="a">&#x41B;&#x435; &#x411;&#x438;&#x430;&#x43D;</subfield>
    <subfield code="b">&#x416;. &#x41F;.</subfield>
    <subfield code="f">1944-</subfield>
    <subfield code="g">&#x416;&#x430;&#x43D; &#x41F;&#x43E;&#x43B;&#x44C;</subfield>
    <subfield code="3">RU\NLR\auth\77109514</subfield>
    <subfield code="9">92439</subfield>
  </datafield>
  <datafield tag="790" ind1=" " ind2="1">
    <subfield code="4">070</subfield>
    <subfield code="8">fre</subfield>
    <subfield code="7">ba</subfield>
    <subfield code="a">Le Bihan</subfield>
    <subfield code="b">J. P.</subfield>
    <subfield code="f">1944-</subfield>
    <subfield code="g">Jean-Paul</subfield>
    <subfield code="3">RU\NLR\auth\77109506</subfield>
    <subfield code="9">92431</subfield>
  </datafield>
  <datafield tag="801" ind1=" " ind2="0">
    <subfield code="a">RU</subfield>
    <subfield code="b">RuMoRKP</subfield>
    <subfield code="c">20110627</subfield>
    <subfield code="g">rcr</subfield>
  </datafield>
  <datafield tag="801" ind1=" " ind2="1">
    <subfield code="a">RU</subfield>
    <subfield code="b">&#x420;&#x413;&#x411;</subfield>
    <subfield code="c">20110627</subfield>
  </datafield>
  <datafield tag="801" ind1=" " ind2="2">
    <subfield code="a">RU</subfield>
    <subfield code="b">NLR</subfield>
    <subfield code="c">20110722</subfield>
    <subfield code="g">rcr</subfield>
  </datafield>
  <datafield tag="942" ind1=" " ind2=" ">
    <subfield code="c">BOOK</subfield>
  </datafield>
  <datafield tag="980" ind1=" " ind2=" ">
    <subfield code="a">NB</subfield>
  </datafield>
  <datafield tag="995" ind1=" " ind2=" ">
    <subfield code="5">2011-07-22</subfield>
    <subfield code="a">ad</subfield>
    <subfield code="b">NLR01</subfield>
    <subfield code="c">NLR01</subfield>
    <subfield code="e">RF8</subfield>
    <subfield code="f">3457299</subfield>
    <subfield code="k">2011-5/5334</subfield>
    <subfield code="o">0</subfield>
    <subfield code="r">BOOK</subfield>
    <subfield code="s">201155334_</subfield>
  </datafield>
</record>
